000 00999pam a2200313 a 4500
001 13158
003 BD-JhCC
005 20230715103909.0
008 230623r20172001enka j 000 1 eng d
020 _a9781408885260
_c£25.00
035 _a(BD-JhCC)13158
040 _aStDuBDS
_erda
_cStDuBDS
_dUk
_dBD-JhCC
041 _aeng
082 0 4 _a823.914
_223
_bROW 2017
100 1 _aScamander, Newt,
245 1 0 _aFantastic beasts and where to find them /
_cNewt Scamander, J.K. Rowling.
250 _aNew edition /
260 _aLondon :
_bBloomsbury,
_c2017
300 _a133 pages :
_billustrations (black and white, and colour) ;
_c30 cm
500 _aOriginally published: 2001.
500 _aFormerly CIP.
_5Uk
650 0 _aWizards
_vJuvenile fiction.
650 0 _aAnimals, Mythical
_vJuvenile fiction.
655 0 _aChildren's stories.
655 0 _aFantasy fiction.
700 1 _aRowling, J. K.,
700 1 _aLomenech Gill, Olivia,
942 _2ddc
_cREF
999 _c13158
_d13158